Car Parts - Statistics

General Stats
  • This quiz has been taken 159 times
  • The average score is 19 of 121
Answer Stats
Region Car Part % Correct
Steering Wheel
82%
Interior Brake
59%
Engine Piston
58%
Engine Camshaft
45%
Engine Crank
42%
Fuel Fuel Injector
42%
Fuel Fuel Pump
42%
Engine Spark Plug
42%
Transmission Gear
41%
Engine Cylinder
39%
Engine Intake
39%
Interior Steering Wheel
39%
Trans/Engine Transmission
39%
Interior | Trans/Engine Clutch
37%
Engine Engine Block
36%
Engine | Exhaust Exhaust Manifold
34%
Engine Oil Filter
34%
Body Windshield
34%
Exhaust Muffler
33%
Exhaust Catalytic Converter
30%
Fluids Coolant
30%
Engine Radiator
29%
Engine Crankshaft
28%
Steering Tire
28%
Trans/Engine Alternator
26%
Engine Flywheel
26%
Body Headlight
26%
Engine Battery
25%
Fuel Fuel Tank
25%
Body Hood
25%
Transmission Differential
22%
Body Trunk
22%
Fuel Fuel Filter
21%
Interior Seats
21%
Engine Timing Belt
21%
Engine Valves
21%
Body Windows
21%
Engine Air Filter
20%
Steering Steering Rack
20%
Body Doors
18%
Interior Accelerator
17%
Fluids Brake Fluid
17%
Steering Axle
16%
Engine Intake Manifold
16%
Engine | Interior Ignition
14%
Steering Rims
14%
Body Roof
14%
Steering Suspension
14%
Body Taillight
14%
Body Front Bumper
13%
Engine Gasket
13%
Body Rear Bumper
13%
Steering Column
12%
Engine Piston Rings
12%
Fluids Transmission Fluid
12%
Fuel Carburator
11%
Interior Dash
11%
Fluids Engine Oil
11%
Steering Power Steering Pump
11%
Fluids Wiper Fluid
11%
Engine Cylinder Head
9%
Body Antenna
8%
Body | Interior Door Handle
8%
Interior Glove Box
8%
Steering Ball Joint
7%
Steering Brakes
7%
Interior Floor
7%
Fuel Fuel Cap
7%
Fluids Gasoline
7%
Body Grill
7%
Interior Seat Belt
7%
Steering Shocks
7%
Interior Speedometer
7%
Interior Carpet
5%
Interior Gear Stick
5%
Body License Plate
5%
Engine Valve Cover
5%
Steering Control Arms
4%
Transmission Gear Selector
4%
Interior Locks
4%
Body Side Mirrors
4%
Fluids Steering Fluid
4%
Exhaust Tail Pipe
4%
Transmission Torque Converter
4%
Body Windshield Wiper
4%
Engine Connecting Rod
3%
Body Foglight
3%
Engine Fuel Injectors
3%
Interior Hand Brake
3%
Engine Pushrods
3%
Steering Spindle
3%
Steering Tie Rods
3%
Interior Center Console
1%
Fluids Clutch Fluid
1%
Fluids Differential Fluid
1%
Body Front Fender
1%
Fuel Fuel Feed Line
1%
Interior Head Rest
1%
Transmission Output Shaft
1%
Body Rear Fender
1%
Exhaust Resonator
1%
Fuel Return Line
1%
Body Shield
1%
Steering Steering Gear
1%
Interior Air Vent
0%
Interior Controls
0%
Interior Cup Holders
0%
Engine Distributor
0%
Body Door Post
0%
Steering Drag Link
0%
Body Fender Liner
0%
Body Panel Clips
0%
Steering Steering Knuckles
0%
Steering Steering Linkage
0%
Steering Stub Axle
0%
Body Trim
0%
No matching quizzes found
Score Distribution
Percent of People with Each Score
Percentile by Number Answered
Your Score History
You have not taken this quiz